Displaced people: NAFTA's most important product /

Na minha lista:
Detalhes bibliográficos
Autor principal: Bacon, David
Formato: Texto
Tags: Adicionar Tag
Sem tags, seja o primeiro a adicionar uma tag!

MARC

LEADER 00000 a a2200000 04500
001 10084
003
040
100 |a Bacon, David  
245 |a Displaced people:   |b NAFTA's most important product /  |c David Bacon 
773 |g volumen 41, número 5; páginas 23-32  
999 |c 28346  |d 28346